| 000 | 00851nam a2200217Ia 4500 | ||
|---|---|---|---|
| 008 | 0000002007 sp a 0000000000spa00 | ||
| 090 | _aPSP00 B76 | ||
| 100 | 1 |
_aBroto _d1949 |
|
| 245 | 1 | 0 |
_aBroto _b: obra reciente _c/ traducción Lorraine Kerslake ; fotografías Marc Domage, Pepe Moreno y Oronoz |
| 300 |
_a39 p. _c/ 28 cm. |
||
| 500 | _aExposición realizada en Galería Soledad Lorenzo, Madrid, Septiembre 12 Octubre 13, 2007 | ||
| 501 | _aEl tiempo y el lugar / Gloria Collado | ||
| 600 | 0 | 0 |
_aBROTO, 1949/ _xTRABAJOS PICTORICOS |
| 650 | 1 | 4 | _aARTE CONTEMPORANEO ESPAÑOL |
| 650 | 1 | 4 | _xCATALOGOS |
| 650 | 1 | 4 | _xEXPOSICIONES |
| 650 | 1 | 4 | _aPINTORES ESPAÑOLES |
| 650 | 1 | 4 | _aPINTURA ESPAÑOLA |
| 700 | 1 | _aKerslake, Lorraine, tr. \ Domage, Marc \ Moreno y Oronoz, Pepe | |
| 999 |
_c9110 _d9110 |
||
| 260 |
_aMadrid : Galería Soledad Lorenzo _c2007 |
||